000 01102nam a2200337 i 4500
003 EG-ScBUE
005 20230329112415.0
008 090528s2009 enka f b 001 0 eng d
020 _a9780240521053 (pbk.)
020 _a0240521056 (pbk.)
040 _aEG-ScBUE
_beng
_erda
_cEG-ScBUE
_dEG-ScBUE
082 0 4 _222
_a786.74
_bRUS
100 1 _aRuss, Martin,
_eauthor.
_95589
245 1 0 _aSound synthesis and sampling /
_cMartin Russ.
250 _aThird edition.
264 1 _aOxford :
_bFocal, Elsevier,
_c2009.
300 _axxiv, 559 pages :
_billustrations ;
_c24 cm +
_e1 CD
336 _2rdacontent
_atext
_btxt
336 _2rdacontent
_asounds
_bsnd
337 _2rdamedia
_aunmediated
_bn
337 _2rdamedia
_aaudio
_bs
338 _2rdacarrier
_avolume
_bnc
338 _2rdacarrier
_acomputer disc
_bcd
500 _aPrevious ed.: 2004.
504 _aIncludes bibliographical references and index.
650 7 _aComputer sound processing.
_2BUEsh
_95590
650 7 _aSynthesizer (Musical instrument)
_2BUEsh
_95591
653 _bCOMSCI
655 _vReading book
942 _2ddc
_cBB
999 _c11683
_d11683